000
00300nam a2200121Ia 4500
008
241002s9999 xx 000 0 und d
082
_a
897.4318 HAF
100
_a
Hafeez,
245
0
_a
Shah Nama e Islam (شاہ نامہ اسلام )
260
_a
Lahore:
_c
N/A
600
_a
Literature
942
_c
UC
999
_c
19020
_d
19020